| 000 | 01083nam0a22002651 4500 | ||
|---|---|---|---|
| 001 | v19\rc\1285617 | ||
| 005 | 20260406151728.0 | ||
| 035 | _a(NLR Aleph) 005200625 | ||
| 090 |
_a5306119 _c5306119 |
||
| 100 | _a20060306d1846 |||y0rusy50 ca | ||
| 101 | 0 | _arus | |
| 102 | _aRU | ||
| 105 | _ay z ||||| | ||
| 200 | 1 |
_aИсторическое описание Саввино-Сторожевского монастыря _fСост. Б. М. д. а. С. Смирновым |
|
| 210 |
_aМосква _cСенат. тип. _d1846 |
||
| 215 |
_a[2], 124, LIII _d21 |
||
| 700 | 1 |
_4220 _8rus _7ca _aСмирнов _bС. К. _cбогослов, историк _f1818-1889 _gСергей Константинович _3RU\NLR\AUTH\7760463 _943394 |
|
| 712 | 0 | 2 |
_aСаввин-Сторожевский монастырь _cЗвенигород _3RU\NLR\AUTH\889927241 _9350138 |
| 801 | 0 |
_aRU _bNLR _c20060306 _gpsbo |
|
| 801 | 0 |
_aRU _bRuMoRGB _c20060306 _2psbo |
|
| 801 | 1 |
_aRU _bProSoft-M _c20060306 _2rusmarc |
|
| 801 | 2 |
_aRU _bNLR _c20080118 _2rusmarc |
|
| 852 |
_aNLR _j18.115.4.55 |
||
| 942 | _cBOOK | ||
| 980 | _aNB | ||